Normal view
MARC view
- Faisal Asghar
Entry Personal Name
001 - CONTROL NUMBER
- control field: 92385
003 - CONTROL NUMBER IDENTIFIER
- control field: NUST
005 - DATE AND TIME OF LATEST TRANSACTION
- control field: 20220703120419.0
008 - FIXED-LENGTH DATA ELEMENTS
- fixed length control field: 220703|| aca||aabn | a|a d
040 ## - CATALOGING SOURCE
- Original cataloging agency: NUST
- Transcribing agency: NUST
100 ## - HEADING--PERSONAL NAME
- Personal name: Faisal Asghar
670 ## - SOURCE DATA FOUND
- Source citation: Work cat.: (NUST)12971: Faisal Asghar, Ranked news based on sentiment analysis (News Plus), 2014
